Sites internet les plus visités dans le monde en 2025 - Statistiques

Statistiques générales
  • Ce quiz a été pris 41 fois
  • Le résultat moyen est 6 sur 10
Statistiques - réponses
Place Site ou domaine % Correct
1 Google
90%
5 Instagram
90%
8 X (Twitter)
79%
2 YouTube
79%
3 Facebook
64%
4 ChatGPT
44%
7 Wikipédia
44%
6 Reddit
31%
9 Yahoo
31%
10 Whatsapp
23%
Aucun quiz correspondant
Distribution des résultats
% des personnes avec chaque résultat
Percentile par nombre de réponses
Votre historique - résultats
Vous n’avez pas pris ce quiz